Le A pour seule voyelle - Statistiques

Statistiques générales
  • Ce quiz a été pris 246 fois
    105 depuis la dernière actualisation
  • Le résultat moyen est 15 sur 55
Statistiques - réponses
Indice Reponse % Correct
2eme en superficie Canada
84%
Capitale du Maroc Rabat
80%
Pays d'Amerique Panama
66%
Pâtisserie contenant beurre et sucre en Bretagnele kouign _ _ _ _ _ Amman
62%
Organisateur d'une coupe du monde Qatar
62%
Ce désert est immense Sahara
62%
Pays Asie centrale Kazakhstan
59%
Pays proche du Togo Ghana
54%
Capitale et équipe de vélo Astana
52%
Territoire Palestinien Gaza
52%
La vanille provient d'où Madagascar
46%
M _ _ _ _ _ _ _ N Kaboul Manhattan
46%
Etat américain très enneigé Alaska
45%
souvent au rhum c'est une ville d'Algerie Baba
43%
Paris _ _ _ _ _ est une course mécanique Dakar
43%
Bolivie La Paz
43%
Une île d'Indonésie Java
38%
Avec quoi sont fait les diamants Ankara
37%
Montgomery ou Mobile en font parties Alabama
33%
Etat américain dans le nom de la ville est dans l'état a coté Kansas
28%
Capitale d'un pays insulaire, moyen orient Manama
26%
Capitale prés du golfe du Guinée Accra
24%
Chaîne de montagne en Afrique Atlas
24%
Préfecture française, ville du Canada + Palindrome Laval
23%
Maison blanche Casablanca
22%
Détroit proche Kuala Lumpur Malacca
22%
Capitale prés de la Mer Rouge Asmara
21%
2934 menhirs pour l'un / Symbole religieux pour l'autre Carnac / Karnak
21%
dit Siri Damas
21%
Ville très peuplée Jakarta
21%
Yeahhh men!!! Sanaa
21%
Tina Arena a dit cette ville dans une chanson Bagdad
18%
Capitale d'Asie Centrale Achgabat
17%
Pilote de f1 brésilien, ou ville italienne Massa
17%
Désert chilien de plus de 100 000 km² Atacama
16%
Ville de Belgique, top 5 en population Gand
15%
Plaine ne contenant aucun arbre Pampa
13%
Ville de Syrie contenant les lettres AAQQR Raqqa
13%
Ville bulgare sur la Mer Noire Varna
13%
Ville du 84 Apt
12%
Capitale sur la coté caraïbéenne Caracas
11%
Ville de Russie Kazan / Samara
11%
En Thailande, ou son de l'horloge Tak
11%
Ville de Turquie / Véhicule pour Road Trip Van
11%
Palestine Ramallah
10%
Bombe pour les JO Atlanta
9%
Au Vietnam Da Nang
6%
Montagne proche du Caucase Ararat
5%
Tibet Lhasa
5%
Ville de Croatie Zadar
5%
Ville d'Iran en 3 lettres Bam
4%
Ville de Bretagne + Palindrome Callac
1%
Connue pour être proche de collines très colorées en Iran Mashhad
1%
Ville du Japon synonyme d'écrire Nara
1%
Province d'Argentine Salta
1%
Aucun quiz correspondant
Distribution des résultats
% des personnes avec chaque résultat
Percentile par nombre de réponses
Votre historique - résultats
Vous n’avez pas pris ce quiz depuis la dernière actualisation